|
|
|
|
| LEADER |
03405nam a2200745 i 4500 |
| 001 |
nkc20213344641 |
| 003 |
CZ PrNK |
| 005 |
20211215165314.0 |
| 007 |
ta |
| 008 |
210727s2021 xr abchf 000 0 cze |
| 015 |
|
|
|a cnb003344641
|
| 020 |
|
|
|a 978-80-7646-016-4
|q (brožováno)
|
| 035 |
|
|
|a (OCoLC)1291383314
|
| 040 |
|
|
|a OLA001
|b cze
|e rda
|
| 041 |
0 |
|
|a cze
|b eng
|b ger
|
| 043 |
|
|
|a e-xr---
|b e-xr-jc
|2 czenas
|
| 045 |
|
|
|a w-x-
|
| 072 |
|
7 |
|a 27-78
|x Křesťanská sdružení, spolky a organizace. Řeholní řády
|2 Konspekt
|9 5
|
| 080 |
|
|
|a 27-789.6
|2 MRF
|
| 080 |
|
|
|a 27-788-1/-9
|2 MRF
|
| 080 |
|
|
|a 37.014.521
|2 MRF
|
| 080 |
|
|
|a 27-46
|2 MRF
|
| 080 |
|
|
|a 27-762
|2 MRF
|
| 080 |
|
|
|a 27-662:3
|2 MRF
|
| 080 |
|
|
|a 27-772
|2 MRF
|
| 080 |
|
|
|a 2-6+316.72/.75
|2 MRF
|
| 080 |
|
|
|a (437.319)
|2 MRF
|
| 080 |
|
|
|a (048.8:082)
|2 MRF
|
| 100 |
1 |
|
|a Jakšičová, Dana,
|d 1979-
|7 jcu2011640318
|4 aut
|
| 245 |
1 |
0 |
|a Služebníci pod zákonem :
|b zlatý věk řeholních kongregací v českobudějovické diecézi /
|c Dana Jakšičová, Miroslav Novotný
|
| 264 |
|
1 |
|a České Budějovice :
|b Jihočeské muzeum v Českých Budějovicích,
|c 2021
|
| 300 |
|
|
|a 423 stran :
|b ilustrace (některé barevné), mapy, portréty, faksimile ;
|c 21 cm
|
| 336 |
|
|
|a text
|b txt
|2 rdacontent
|
| 337 |
|
|
|a bez média
|b n
|2 rdamedia
|
| 338 |
|
|
|a svazek
|b nc
|2 rdacarrier
|
| 490 |
1 |
|
|a Jihočeský sborník historický,
|x 0323-004X ;
|v supplementum 13
|
| 504 |
|
|
|a Obsahuje bibliografii a bibliografické odkazy
|
| 546 |
|
|
|a Anglické a německé resumé
|
| 610 |
2 |
7 |
|a Katolická církev.
|b Biskupství českobudějovické
|7 ko2002148816
|2 czenas
|
| 648 |
|
7 |
|a 19.-20. století
|7 ch757015
|2 czenas
|
| 650 |
0 |
7 |
|a řeholní kongregace
|7 ph128282
|z Česko
|y 19.-20. století
|2 czenas
|
| 650 |
0 |
7 |
|a řeholní život
|7 ph128285
|z Česko
|y 19.-20. století
|2 czenas
|
| 650 |
0 |
7 |
|a církevní školství
|7 ph114291
|z Česko
|y 19.-20. století
|2 czenas
|
| 650 |
0 |
7 |
|a charitativní činnost
|7 ph135878
|z Česko
|y 19.-20. století
|2 czenas
|
| 650 |
0 |
7 |
|a misijní činnost
|7 ph122902
|z Česko
|y 19.-20. století
|2 czenas
|
| 650 |
0 |
7 |
|a křesťanství a společnost
|7 ph138510
|z Česko
|y 19.-20. století
|2 czenas
|
| 650 |
0 |
7 |
|a diecéze
|7 ph258278
|z Česko
|y 19.-20. století
|2 czenas
|
| 650 |
0 |
9 |
|a regular congregations
|z Czechia
|y 19th-20th centuries
|2 eczenas
|
| 650 |
0 |
9 |
|a monastic life
|z Czechia
|y 19th-20th centuries
|2 eczenas
|
| 650 |
0 |
9 |
|a church education
|z Czechia
|y 19th-20th centuries
|2 eczenas
|
| 650 |
0 |
9 |
|a charities
|z Czechia
|y 19th-20th centuries
|2 eczenas
|
| 650 |
0 |
9 |
|a mission activities
|z Czechia
|y 19th-20th centuries
|2 eczenas
|
| 650 |
0 |
9 |
|a Christianity and civilization
|z Czechia
|y 19th-20th centuries
|2 eczenas
|
| 650 |
0 |
9 |
|a dioceses
|z Czechia
|y 19th-20th centuries
|2 eczenas
|
| 651 |
|
7 |
|a České Budějovice (Česko : oblast)
|7 ge135833
|x náboženské a kulturní poměry
|y 19.-20. století
|2 czenas
|
| 651 |
|
9 |
|a České Budějovice Region (Czechia)
|x religious and cultural conditions
|y 19th-20th centuries
|2 eczenas
|
| 655 |
|
7 |
|a kolektivní monografie
|7 fd501537
|2 czenas
|
| 655 |
|
9 |
|a collective monographs
|2 eczenas
|
| 700 |
1 |
|
|a Novotný, Miroslav,
|d 1958-
|7 xx0007888
|4 aut
|
| 830 |
|
0 |
|a Jihočeský sborník historický
|0 s
|
| 910 |
2 |
|
|a BOA001
|b 2-1476.039
|
| 990 |
|
|
|a BK
|
| 995 |
|
|
|a 01
|
| 991 |
|
|
|b 202111
|c NOV
|
| 996 |
6 |
|
|b 2610883451
|c 2-1476.039
|l MZK
|r Sklad / do 1 hodiny
|n 0
|p p.v.
|w 001867499
|u 000010
|a 1
|e BOA001
|j MZK50
|s P
|